5SOS - Bad Omens (Lyrics) - Statistics

General Stats
  • This quiz has been taken 132 times
  • The average score is 239 of 297
Answer Stats
Answer % Correct
I
100%
a
99%
you
99%
You
99%
So
98%
the
98%
when
98%
(When
98%
love
95%
that
95%
somebody
94%
somebody)
94%
do
93%
go
93%
it
93%
It
93%
it?
93%
omen
93%
on
93%
we
93%
We
93%
in
90%
to
90%
where
90%
time
89%
again
87%
again,
87%
am
87%
is
87%
this
87%
for
85%
Every
83%
every
83%
should
83%
your
83%
was
82%
through
81%
feeling
80%
Hanging
80%
cried
79%
know
79%
'Cause
77%
died
77%
eyes
77%
are
76%
brown
76%
coming
76%
dark
76%
night
76%
have
75%
hello
75%
left
75%
seen
75%
goodbye,
74%
right
74%
say
74%
thousandth
74%
bad
70%
Can
70%
closing
70%
else
70%
Else
70%
just
70%
as
69%
door
69%
help
69%
me
69%
don't
68%
keep
68%
let
68%
valley
68%
ignoring
67%
nothing
67%
pain
67%
way
67%
already
65%
That's
65%
tried
65%
what
65%
and
64%
back
64%
Can't
64%
Driving
64%
stop
64%
bed
63%
'round
63%
It's
62%
there
62%
chase
61%
jump
61%
look
61%
Heaven
60%
omens,
60%
were
60%
ceiling
58%
knows
58%
neck
58%
runaway
58%
These
58%
at
57%
kiss
56%
staring
56%
then
56%
should've
55%
them
55%
away
54%
Oh,
51%
known
50%
I'm
49%
make
49%
rearrange
48%
of
46%
making
43%
sense
43%
still
42%
having
35%
save
24%
loves
6%
No matching quizzes found
Score Distribution
Percent of People with Each Score
Percentile by Number Answered
Your Score History
You have not taken this quiz